[Event "Irena Warakomska Memorial A"]
[Site "chessmanager.com"]
[Date "2018.08.05"]
[Round "6"]
[White "Warakomski, Tomasz"]
[Black "Gleizerov, Evgeny"]
[Result "1/2-1/2"]
[Board "9"]
[WhiteElo "2505"]
[WhiteTitle "GM"]
[WhiteCountry "POL"]
[WhiteFideId "1124552"]
[BlackElo "2513"]
[BlackTitle "GM"]
[BlackCountry "RUS"]
[BlackFideId "4101332"]

1. e4 {[%clk 1:30:57]} e6 {[%clk 1:30:56]} 2. d4 {[%clk 1:31:20]} d5 {[%clk
1:31:22]} 3. Nc3 {[%clk 1:31:47]} Nf6 {[%clk 1:31:48]} 4. Bg5 {[%clk 1:32:13]}
Be7 {[%clk 1:32:13]} 5. e5 {[%clk 1:32:19]} Nfd7 {[%clk 1:32:37]} 6. h4 {[%clk
1:29:16]} Nc6 {[%clk 1:32:22]} 7. Nf3 {[%clk 1:25:11]} h6 {[%clk 1:32:29]} 8.
Bxe7 {[%clk 1:25:35]} Qxe7 {[%clk 1:32:55]} 9. Qd2 {[%clk 1:24:47]} Nb6 {[%clk
1:33:18]} 10. Ne2 {[%clk 1:21:05]} Bd7 {[%clk 1:30:32]} 11. Nf4 {[%clk 1:21:18]}
O-O-O {[%clk 1:28:31]} 12. h5 {[%clk 1:17:22]} Kb8 {[%clk 1:26:28]} 13. O-O-O
{[%clk 1:09:48]} Rc8 {[%clk 1:21:39]} 14. Rh3 {[%clk 1:09:36]} a6 {[%clk
1:15:46]} 15. Rg3 {[%clk 1:04:51]} Rhg8 {[%clk 1:15:54]} 16. a3 {[%clk 0:53:43]}
Na7 {[%clk 1:14:33]} 17. Qb4 {[%clk 0:54:10]} Qxb4 {[%clk 1:13:15]} 18. axb4
{[%clk 0:54:36]} Bb5 {[%clk 1:13:39]} 19. Bxb5 {[%clk 0:42:52]} axb5 {[%clk
1:13:45]} 20. c3 {[%clk 0:43:18]} Nd7 {[%clk 1:12:18]} 21. Rg4 {[%clk 0:40:38]}
b6 {[%clk 1:10:05]} 22. Nd3 {[%clk 0:40:55]} Nc6 {[%clk 1:06:58]} 23. Nh4 {[%clk
0:38:09]} Ne7 {[%clk 1:05:59]} 24. Rf4 {[%clk 0:33:58]} Rcf8 {[%clk 0:59:32]} 25.
Rh1 {[%clk 0:34:04]} f6 {[%clk 0:50:44]} 26. exf6 {[%clk 0:33:22]} Nxf6 {[%clk
0:48:59]} 27. Ne5 {[%clk 0:30:36]} Kc8 {[%clk 0:46:54]} 28. Nhg6 {[%clk 0:29:28]}
Nxg6 {[%clk 0:46:11]} 29. Nxg6 {[%clk 0:29:54]} Re8 {[%clk 0:46:25]} 30. Kc2
{[%clk 0:29:55]} Kd7 {[%clk 0:46:09]} 31. g4 {[%clk 0:27:38]} Kd6 {[%clk
0:46:20]} 32. Ra1 {[%clk 0:27:59]} Ra8 {[%clk 0:45:59]} 33. Re1 {[%clk 0:28:26]}
c6 {[%clk 0:36:46]} 1/2-1/2

[Event "Irena Warakomska Memorial A"]
[Site "chessmanager.com"]
[Date "2018.08.05"]
[Round "6"]
[White "Teclaf, Pawel"]
[Black "Ovsejevitsch, Sergei"]
[Result "0-1"]
[Board "10"]
[WhiteElo "2399"]
[WhiteTitle "CM"]
[WhiteCountry "POL"]
[WhiteFideId "1185934"]
[WhiteEloChange "-5"]
[BlackElo "2604"]
[BlackTitle "GM"]
[BlackCountry "UKR"]
[BlackFideId "14101866"]
[BlackEloChange "2"]

1. e4 {[%clk 1:30:57]} e5 {[%clk 1:30:37]} 2. Nf3 {[%clk 1:31:23]} Nc6 {[%clk
1:31:01]} 3. Bb5 {[%clk 1:31:48]} a6 {[%clk 1:31:07]} 4. Ba4 {[%clk 1:32:13]} d6
{[%clk 1:31:26]} 5. c3 {[%clk 1:29:38]} Bd7 {[%clk 1:31:27]} 6. O-O {[%clk
1:29:24]} Nf6 {[%clk 1:30:34]} 7. Re1 {[%clk 1:20:15]} g6 {[%clk 1:29:09]} 8. d4
{[%clk 1:14:08]} Bg7 {[%clk 1:29:04]} 9. Bxc6 {[%clk 1:01:41]} Bxc6 {[%clk
1:28:57]} 10. dxe5 {[%clk 1:01:33]} Nxe4 {[%clk 1:27:23]} 11. exd6 {[%clk
0:52:51]} Qxd6 {[%clk 1:24:09]} 12. Qxd6 {[%clk 0:51:17]} cxd6 {[%clk 1:24:26]}
13. Nfd2 {[%clk 0:50:56]} O-O {[%clk 1:21:27]} 14. Nxe4 {[%clk 0:50:24]} Rfe8
{[%clk 1:19:42]} 15. Be3 {[%clk 0:47:56]} Rxe4 {[%clk 1:05:21]} 16. Nd2 {[%clk
0:47:40]} Ra4 {[%clk 1:00:44]} 17. a3 {[%clk 0:40:08]} Re8 {[%clk 0:46:45]} 18.
Bb6 {[%clk 0:35:33]} Rxe1+ {[%clk 0:40:38]} 19. Rxe1 {[%clk 0:36:00]} Rg4 {[%clk
0:40:19]} 20. f3 {[%clk 0:23:18]} Rg5 {[%clk 0:39:50]} 21. Bc7 {[%clk 0:16:55]}
Re5 {[%clk 0:25:07]} 22. Rxe5 {[%clk 0:16:02]} dxe5 {[%clk 0:25:05]} 23. Nc4
{[%clk 0:16:10]} f6 {[%clk 0:23:35]} 24. Na5 {[%clk 0:16:21]} Bd5 {[%clk
0:23:00]} 25. c4 {[%clk 0:14:49]} Be6 {[%clk 0:22:43]} 26. Nxb7 {[%clk 0:13:13]}
Bxc4 {[%clk 0:23:01]} 27. Nc5 {[%clk 0:12:43]} Bh6 {[%clk 0:21:33]} 28. b4 {[%clk
0:08:49]} Be3+ {[%clk 0:20:13]} 29. Kh1 {[%clk 0:09:18]} Kf7 {[%clk 0:18:33]} 30.
Bd8 {[%clk 0:07:30]} f5 {[%clk 0:16:38]} 31. Bc7 {[%clk 0:07:55]} Bd4 {[%clk
0:16:08]} 32. Nd7 {[%clk 0:05:04]} Ke6 {[%clk 0:15:05]} 33. Nf8+ {[%clk 0:04:42]}
Kd5 {[%clk 0:14:56]} 34. Nxh7 {[%clk 0:04:36]} e4 {[%clk 0:15:14]} 35. fxe4+
{[%clk 0:05:04]} fxe4 {[%clk 0:15:34]} 36. Nf8 {[%clk 0:03:41]} g5 {[%clk
0:11:35]} 37. Nd7 {[%clk 0:01:06]} e3 {[%clk 0:05:10]} 38. Bg3 {[%clk 0:01:13]}
Bc3 {[%clk 0:03:58]} 39. Nb6+ {[%clk 0:00:33]} Kd4 {[%clk 0:04:19]} 40. h4 {[%clk
0:30:31]} gxh4 {[%clk 0:32:51]} 41. Bxh4 {[%clk 0:30:00]} e2 {[%clk 0:30:56]} 42.
Bf2+ {[%clk 0:28:43]} Kd3 {[%clk 0:30:29]} 43. Nd7 {[%clk 0:26:30]} e1Q+ {[%clk
0:24:51]} 44. Bxe1 {[%clk 0:26:54]} Bxe1 {[%clk 0:25:17]} 45. Nc5+ {[%clk
0:24:37]} Kc3 {[%clk 0:23:57]} 46. g4 {[%clk 0:21:29]} Kb2 {[%clk 0:23:14]} 47.
Kg2 {[%clk 0:20:48]} Kxa3 {[%clk 0:23:07]} 48. Kf3 {[%clk 0:20:58]} Kxb4 {[%clk
0:22:59]} 49. Nxa6+ {[%clk 0:21:15]} Bxa6 {[%clk 0:23:23]} 50. Ke4 {[%clk
0:21:42]} Kc5 {[%clk 0:23:20]} 51. Ke5 {[%clk 0:22:05]} Bc3+ {[%clk 0:23:23]} 0-1

[Event "Irena Warakomska Memorial A"]
[Site "chessmanager.com"]
[Date "2018.08.05"]
[Round "6"]
[White "Punin, Andrii"]
[Black "Sadzikowski, Daniel"]
[Result "1/2-1/2"]
[Board "11"]
[WhiteElo "2296"]
[WhiteTitle "FM"]
[WhiteCountry "UKR"]
[WhiteFideId "14112639"]
[WhiteEloChange "7"]
[BlackElo "2567"]
[BlackTitle "GM"]
[BlackCountry "POL"]
[BlackFideId "1132253"]
[BlackEloChange "-3"]

1. e4 {[%clk 1:30:56]} c6 {[%clk 1:30:38]} 2. d4 {[%clk 1:31:17]} d5 {[%clk
1:31:06]} 3. Nd2 {[%clk 1:31:39]} dxe4 {[%clk 1:31:28]} 4. Nxe4 {[%clk 1:32:05]}
Bf5 {[%clk 1:31:54]} 5. Ng3 {[%clk 1:32:26]} Bg6 {[%clk 1:32:22]} 6. h4 {[%clk
1:32:47]} h6 {[%clk 1:32:50]} 7. Nf3 {[%clk 1:33:10]} Nd7 {[%clk 1:32:39]} 8. h5
{[%clk 1:33:31]} Bh7 {[%clk 1:33:07]} 9. Bd3 {[%clk 1:33:52]} Bxd3 {[%clk
1:33:35]} 10. Qxd3 {[%clk 1:34:14]} e6 {[%clk 1:34:02]} 11. Bd2 {[%clk 1:34:10]}
Ngf6 {[%clk 1:34:25]} 12. O-O-O {[%clk 1:34:30]} Be7 {[%clk 1:34:28]} 13. Ne4
{[%clk 1:34:10]} Nxe4 {[%clk 1:34:37]} 14. Qxe4 {[%clk 1:34:33]} Nf6 {[%clk
1:35:05]} 15. Qd3 {[%clk 1:33:48]} c5 {[%clk 1:27:41]} 16. Qb5+ {[%clk 1:31:09]}
Qd7 {[%clk 1:28:00]} 17. Qxd7+ {[%clk 1:31:31]} Nxd7 {[%clk 1:28:22]} 18. Bc3
{[%clk 1:26:51]} cxd4 {[%clk 1:04:09]} 19. Nxd4 {[%clk 1:22:59]} a6 {[%clk
1:04:06]} 20. Nb3 {[%clk 1:19:20]} Rg8 {[%clk 0:41:48]} 21. g4 {[%clk 1:15:02]}
O-O-O {[%clk 0:40:25]} 22. f3 {[%clk 1:11:50]} Bg5+ {[%clk 0:34:32]} 23. Kb1
{[%clk 1:11:52]} Bf6 {[%clk 0:33:36]} 24. Bxf6 {[%clk 1:09:28]} Nxf6 {[%clk
0:33:41]} 25. c4 {[%clk 1:06:50]} Nd7 {[%clk 0:32:31]} 26. Rhe1 {[%clk 1:04:35]}
Nb6 {[%clk 0:32:36]} 27. Na5 {[%clk 0:58:12]} Kc7 {[%clk 0:27:25]} 28. Kc2 {[%clk
0:55:42]} Nc8 {[%clk 0:27:07]} 29. c5 {[%clk 0:51:18]} b6 {[%clk 0:23:46]} 30.
cxb6+ {[%clk 0:51:31]} Nxb6 {[%clk 0:24:14]} 31. Rxd8 {[%clk 0:50:34]} Rxd8
{[%clk 0:24:42]} 32. Re4 {[%clk 0:50:18]} Rd5 {[%clk 0:21:17]} 33. b4 {[%clk
0:45:56]} Rd6 {[%clk 0:18:33]} 34. Nc4 {[%clk 0:40:15]} Nxc4 {[%clk 0:18:14]} 35.
Rxc4+ {[%clk 0:39:19]} Kb6 {[%clk 0:16:18]} 36. Rf4 {[%clk 0:35:20]} f6 {[%clk
0:16:27]} 37. a4 {[%clk 0:35:17]} e5 {[%clk 0:10:36]} 1/2-1/2

[Event "Irena Warakomska Memorial A"]
[Site "chessmanager.com"]
[Date "2018.08.05"]
[Round "6"]
[White "Grebeniuk, Semen"]
[Black "Karthik Venkataraman"]
[Result "0-1"]
[Board "12"]
[WhiteElo "2311"]
[WhiteCountry "UKR"]
[WhiteFideId "14117509"]
[WhiteEloChange "-5"]
[BlackElo "2514"]
[BlackTitle "IM"]
[BlackCountry "IND"]
[BlackFideId "25006479"]
[BlackEloChange "2"]

1. d4 {[%clk 1:30:14]} Nf6 {[%clk 1:30:55]} 2. Nf3 {[%clk 1:30:39]} d5 {[%clk
1:30:58]} 3. Bf4 {[%clk 1:30:51]} c5 {[%clk 1:31:19]} 4. e3 {[%clk 1:30:46]} Nc6
{[%clk 1:31:43]} 5. c3 {[%clk 1:30:57]} e6 {[%clk 1:31:18]} 6. Nbd2 {[%clk
1:31:16]} Bd6 {[%clk 1:31:43]} 7. Bg3 {[%clk 1:30:02]} O-O {[%clk 1:32:06]} 8.
Bb5 {[%clk 1:29:15]} Ne7 {[%clk 1:32:31]} 9. Bd3 {[%clk 1:29:12]} Ng6 {[%clk
1:27:42]} 10. e4 {[%clk 1:05:40]} dxe4 {[%clk 1:25:07]} 11. Nxe4 {[%clk 1:05:21]}
Nxe4 {[%clk 1:23:58]} 12. Bxe4 {[%clk 1:05:36]} f5 {[%clk 1:21:26]} 13. Bc2
{[%clk 0:48:39]} f4 {[%clk 1:07:01]} 14. Bxg6 {[%clk 0:46:08]} fxg3 {[%clk
1:03:51]} 15. Bxh7+ {[%clk 0:41:29]} Kxh7 {[%clk 1:04:16]} 16. hxg3+ {[%clk
0:41:52]} Kg8 {[%clk 1:04:43]} 17. Qd3 {[%clk 0:42:08]} Qf6 {[%clk 1:05:08]} 18.
dxc5 {[%clk 0:41:32]} Bc7 {[%clk 1:05:34]} 19. Qh7+ {[%clk 0:36:01]} Kf7 {[%clk
1:06:00]} 20. O-O-O {[%clk 0:33:23]} a5 {[%clk 1:04:04]} 21. Rh5 {[%clk 0:27:12]}
Ke7 {[%clk 1:01:08]} 22. Rg5 {[%clk 0:23:03]} Kf7 {[%clk 0:59:04]} 23. Rh1 {[%clk
0:17:55]} Rg8 {[%clk 0:58:32]} 24. Rgh5 {[%clk 0:16:45]} Bd7 {[%clk 0:55:52]} 25.
Ng5+ {[%clk 0:14:08]} Ke7 {[%clk 0:56:17]} 26. Qc2 {[%clk 0:08:44]} e5 {[%clk
0:54:34]} 27. Ne4 {[%clk 0:08:09]} Qf7 {[%clk 0:54:39]} 28. Nd6 {[%clk 0:06:21]}
Bxd6 {[%clk 0:54:17]} 29. cxd6+ {[%clk 0:06:46]} Kxd6 {[%clk 0:54:40]} 30. Rd1+
{[%clk 0:06:40]} Kc7 {[%clk 0:55:04]} 31. Rxe5 {[%clk 0:06:52]} Rge8 {[%clk
0:53:27]} 32. Qd3 {[%clk 0:04:16]} Rxe5 {[%clk 0:50:05]} 33. Qd6+ {[%clk
0:04:37]} Kc8 {[%clk 0:50:31]} 34. Qxe5 {[%clk 0:05:02]} Ra6 {[%clk 0:50:59]} 35.
Rh1 {[%clk 0:04:20]} Re6 {[%clk 0:51:13]} 36. Qxa5 {[%clk 0:02:51]} Qxf2 {[%clk
0:50:36]} 37. Rh8+ {[%clk 0:01:42]} Be8 {[%clk 0:50:08]} 38. Qa8+ {[%clk
0:02:03]} Kc7 {[%clk 0:50:33]} 39. Qa5+ {[%clk 0:01:11]} Kb8 {[%clk 0:50:59]} 40.
Qd8+ {[%clk 0:30:48]} Ka7 {[%clk 1:21:27]} 41. Rh1 {[%clk 0:21:24]} Rb6 {[%clk
1:18:48]} 42. b4 {[%clk 0:18:36]} Qxa2 {[%clk 1:18:21]} 43. Rh8 {[%clk 0:17:28]}
Qa1+ {[%clk 1:17:40]} 44. Kd2 {[%clk 0:17:39]} Qb2+ {[%clk 1:17:59]} 45. Kd3
{[%clk 0:15:47]} Bg6+ {[%clk 1:17:53]} 46. Kc4 {[%clk 0:15:51]} Rc6+ {[%clk
1:17:51]} 47. Kb5 {[%clk 0:16:13]} Qe2+ {[%clk 1:18:17]} 0-1

[Event "Irena Warakomska Memorial A"]
[Site "chessmanager.com"]
[Date "2018.08.05"]
[Round "6"]
[White "Leniart, Arkadiusz"]
[Black "Goluch, Piotr"]
[Result "1-0"]
[Board "13"]
[WhiteElo "2489"]
[WhiteTitle "IM"]
[WhiteCountry "POL"]
[WhiteFideId "1124226"]
[WhiteEloChange "3"]
[BlackElo "2332"]
[BlackTitle "FM"]
[BlackCountry "POL"]
[BlackFideId "1137840"]
[BlackEloChange "-6"]

1. e4 {[%clk 1:30:55]} c6 {[%clk 1:30:54]} 2. d4 {[%clk 1:31:14]} d5 {[%clk
1:31:18]} 3. f3 {[%clk 1:31:40]} dxe4 {[%clk 1:31:32]} 4. fxe4 {[%clk 1:32:06]}
e5 {[%clk 1:31:57]} 5. Nf3 {[%clk 1:32:30]} Bg4 {[%clk 1:32:23]} 6. Bc4 {[%clk
1:32:54]} Nd7 {[%clk 1:32:42]} 7. O-O {[%clk 1:33:07]} Ngf6 {[%clk 1:33:05]} 8.
c3 {[%clk 1:33:30]} Bd6 {[%clk 1:33:32]} 9. Bg5 {[%clk 1:33:48]} O-O {[%clk
1:31:26]} 10. Nbd2 {[%clk 1:34:12]} Qc7 {[%clk 1:31:02]} 11. Qe1 {[%clk 1:34:31]}
b5 {[%clk 1:25:29]} 12. Bb3 {[%clk 1:34:19]} c5 {[%clk 1:21:13]} 13. dxe5 {[%clk
1:25:08]} Bxe5 {[%clk 1:19:14]} 14. Qh4 {[%clk 1:18:20]} c4 {[%clk 1:08:58]} 15.
Bc2 {[%clk 1:17:40]} Bxf3 {[%clk 1:00:45]} 16. gxf3 {[%clk 1:09:23]} h6 {[%clk
0:56:00]} 17. Be3 {[%clk 1:08:06]} g5 {[%clk 0:55:03]} 18. Qxh6 {[%clk 0:37:44]}
Bf4 {[%clk 0:55:02]} 19. Bxf4 {[%clk 0:36:00]} Qxf4 {[%clk 0:55:26]} 20. e5
{[%clk 0:34:21]} Nxe5 {[%clk 0:54:51]} 21. Rae1 {[%clk 0:34:23]} Nd3 {[%clk
0:40:51]} 22. Ne4 {[%clk 0:33:02]} Nh7 {[%clk 0:41:13]} 23. Ng3 {[%clk 0:32:56]}
Qc7 {[%clk 0:39:26]} 24. Kh1 {[%clk 0:21:32]} Qd7 {[%clk 0:35:45]} 25. Re4 {[%clk
0:16:30]} Rad8 {[%clk 0:28:46]} 26. Rd4 {[%clk 0:10:30]} Qe6 {[%clk 0:29:02]} 27.
Qxe6 {[%clk 0:10:18]} fxe6 {[%clk 0:29:30]} 28. Bxd3 {[%clk 0:10:39]} cxd3 {[%clk
0:29:52]} 29. Rxd8 {[%clk 0:10:42]} Rxd8 {[%clk 0:30:20]} 30. Ne4 {[%clk
0:11:05]} Kf7 {[%clk 0:28:53]} 31. Rd1 {[%clk 0:10:51]} Nf6 {[%clk 0:20:03]} 32.
Nxg5+ {[%clk 0:09:22]} Ke7 {[%clk 0:20:32]} 33. Nh3 {[%clk 0:09:42]} e5 {[%clk
0:18:17]} 34. Nf2 {[%clk 0:09:38]} d2 {[%clk 0:18:43]} 35. Kg1 {[%clk 0:08:37]}
a5 {[%clk 0:09:42]} 36. Kf1 {[%clk 0:05:41]} b4 {[%clk 0:10:09]} 37. cxb4 {[%clk
0:05:18]} axb4 {[%clk 0:10:37]} 38. Ke2 {[%clk 0:05:02]} Rh8 {[%clk 0:07:38]} 39.
Rxd2 {[%clk 0:03:31]} Rxh2 {[%clk 0:08:04]} 40. Kd3 {[%clk 0:33:33]} Ke6 {[%clk
0:38:08]} 41. Ne4 {[%clk 0:28:00]} Rh4 {[%clk 0:38:06]} 42. Nxf6 {[%clk 0:28:01]}
Kxf6 {[%clk 0:38:34]} 43. Rg2 {[%clk 0:24:30]} Rd4+ {[%clk 0:36:50]} 44. Kc2
{[%clk 0:19:21]} Rf4 {[%clk 0:37:17]} 45. Rg8 {[%clk 0:19:23]} Ke6 {[%clk
0:37:40]} 46. Kb3 {[%clk 0:18:29]} Kd5 {[%clk 0:38:08]} 47. Rd8+ {[%clk 0:12:52]}
Kc5 {[%clk 0:35:02]} 48. Ka4 {[%clk 0:09:36]} Rxf3 {[%clk 0:32:32]} 49. Rc8+
{[%clk 0:10:02]} Kd4 {[%clk 0:32:48]} 50. Kxb4 {[%clk 0:10:29]} e4 {[%clk
0:28:26]} 51. Rd8+ {[%clk 0:10:55]} Ke3 {[%clk 0:28:51]} 52. a4 {[%clk 0:09:50]}
Kf2 {[%clk 0:29:18]} 53. Re8 {[%clk 0:05:55]} e3 {[%clk 0:29:42]} 54. Kc3 {[%clk
0:05:26]} Rf5 {[%clk 0:25:19]} 55. b4 {[%clk 0:04:56]} e2 {[%clk 0:24:50]} 56. b5
{[%clk 0:04:43]} Rc5+ {[%clk 0:14:41]} 57. Kd4 {[%clk 0:04:29]} Rc8 {[%clk
0:13:26]} 58. Rxe2+ {[%clk 0:03:59]} Kxe2 {[%clk 0:13:54]} 59. b6 {[%clk
0:04:01]} Rh8 {[%clk 0:03:20]} 60. a5 {[%clk 0:04:02]} Rh4+ {[%clk 0:03:45]} 61.
Kc5 {[%clk 0:04:12]} Kd3 {[%clk 0:03:58]} 62. b7 {[%clk 0:04:14]} Rh5+ {[%clk
0:04:10]} 63. Kc6 {[%clk 0:04:03]} Rh6+ {[%clk 0:03:28]} 64. Kc7 {[%clk 0:04:14]}
Rh7+ {[%clk 0:03:55]} 65. Kb6 {[%clk 0:04:28]} Rh8 {[%clk 0:04:21]} 66. a6 {[%clk
0:03:50]} Kc4 {[%clk 0:04:46]} 67. a7 {[%clk 0:03:11]} Rh6+ {[%clk 0:05:12]} 68.
Kc7 {[%clk 0:03:25]} Rh7+ {[%clk 0:05:28]} 69. Kd6 {[%clk 0:03:33]} Rxb7 {[%clk
0:05:54]} 70. a8Q {[%clk 0:03:53]} Rb6+ {[%clk 0:05:35]} 71. Ke5 {[%clk 0:04:18]}
Rb4 {[%clk 0:05:45]} 72. Qd5+ {[%clk 0:04:13]} Kc3 {[%clk 0:06:10]} 73. Qc5+
{[%clk 0:04:32]} Kb3 {[%clk 0:06:38]} 74. Kd5 {[%clk 0:04:51]} Ka4 {[%clk
0:06:06]} 75. Qc2+ {[%clk 0:04:32]} Kb5 {[%clk 0:06:26]} 76. Qc6+ {[%clk
0:04:10]} Ka5 {[%clk 0:06:53]} 77. Qa8+ {[%clk 0:04:04]} Kb6 {[%clk 0:06:51]} 78.
Qa3 {[%clk 0:03:05]} Rb5+ {[%clk 0:07:04]} 79. Kd6 {[%clk 0:03:17]} Kb7 {[%clk
0:06:51]} 80. Qa4 {[%clk 0:03:12]} Rb6+ {[%clk 0:07:06]} 81. Kd7 {[%clk 0:03:33]}
Kb8 {[%clk 0:07:07]} 82. Qa5 {[%clk 0:03:21]} Rb1 {[%clk 0:06:17]} 83. Qe5+
{[%clk 0:03:19]} Ka7 {[%clk 0:06:45]} 84. Qd4+ {[%clk 0:03:26]} Kb8 {[%clk
0:07:06]} 85. Qf4+ {[%clk 0:02:17]} Ka7 {[%clk 0:07:25]} 86. Qe3+ {[%clk
0:02:11]} Kb8 {[%clk 0:07:46]} 87. Kc6 {[%clk 0:02:02]} Rb7 {[%clk 0:08:02]} 88.
Qe5+ {[%clk 0:01:56]} Ka7 {[%clk 0:08:30]} 89. Qc5+ {[%clk 0:01:51]} Ka8 {[%clk
0:08:37]} 90. Qf8+ {[%clk 0:01:55]} Ka7 {[%clk 0:09:02]} 91. Qd8 {[%clk 0:02:08]}
Rh7 {[%clk 0:08:59]} 92. Qa5+ {[%clk 0:02:07]} Kb8 {[%clk 0:09:28]} 93. Qb4+
{[%clk 0:02:30]} Ka7 {[%clk 0:09:41]} 94. Qa3+ {[%clk 0:02:35]} Kb8 {[%clk
0:10:07]} 95. Qb3+ {[%clk 0:02:55]} Ka8 {[%clk 0:10:08]} 96. Qg8+ {[%clk
0:03:14]} 1-0

[Event "Irena Warakomska Memorial A"]
[Site "chessmanager.com"]
[Date "2018.08.05"]
[Round "6"]
[White "Koziak, Vitali"]
[Black "Szustakowski, Antoni"]
[Result "1/2-1/2"]
[Board "14"]
[WhiteElo "2473"]
[WhiteTitle "IM"]
[WhiteCountry "UKR"]
[WhiteFideId "14102234"]
[WhiteEloChange "-2"]
[BlackElo "2330"]
[BlackTitle "FM"]
[BlackCountry "POL"]
[BlackFideId "1167677"]
[BlackEloChange "4"]

1. d4 {[%clk 1:30:49]} Nf6 {[%clk 1:30:51]} 2. c4 {[%clk 1:30:34]} e6 {[%clk
1:31:14]} 3. Nf3 {[%clk 1:30:39]} d5 {[%clk 1:31:33]} 4. Nc3 {[%clk 1:30:54]}
dxc4 {[%clk 1:31:56]} 5. e4 {[%clk 1:28:57]} b5 {[%clk 1:32:09]} 6. e5 {[%clk
1:27:28]} Nd5 {[%clk 1:32:30]} 7. Nxb5 {[%clk 1:27:51]} Nb6 {[%clk 1:32:54]} 8.
Be2 {[%clk 1:24:10]} Nc6 {[%clk 1:33:00]} 9. O-O {[%clk 1:23:30]} Be7 {[%clk
1:33:18]} 10. Be3 {[%clk 1:22:19]} O-O {[%clk 1:33:17]} 11. Rc1 {[%clk 1:20:54]}
Nb4 {[%clk 1:33:23]} 12. Nc3 {[%clk 1:18:05]} Bb7 {[%clk 1:32:17]} 13. Nd2 {[%clk
1:17:45]} Ba6 {[%clk 1:22:29]} 14. Nde4 {[%clk 1:12:56]} N6d5 {[%clk 1:18:42]}
15. b3 {[%clk 1:07:06]} cxb3 {[%clk 1:18:35]} 16. Bxa6 {[%clk 1:04:50]} b2 {[%clk
1:09:50]} 17. Rb1 {[%clk 1:04:11]} Nxa6 {[%clk 1:10:11]} 18. Rxb2 {[%clk
1:03:43]} Nab4 {[%clk 1:00:49]} 19. Qg4 {[%clk 0:59:43]} Kh8 {[%clk 0:53:53]} 20.
Nxd5 {[%clk 0:48:42]} Nxd5 {[%clk 0:53:17]} 21. Bd2 {[%clk 0:41:04]} f5 {[%clk
0:38:12]} 22. exf6 {[%clk 0:41:22]} Nxf6 {[%clk 0:38:38]} 23. Nxf6 {[%clk
0:40:26]} Bxf6 {[%clk 0:38:58]} 24. Be3 {[%clk 0:39:23]} c5 {[%clk 0:29:00]} 25.
Rd2 {[%clk 0:39:34]} cxd4 {[%clk 0:25:53]} 26. Bxd4 {[%clk 0:39:55]} Bxd4 {[%clk
0:25:49]} 27. Rxd4 {[%clk 0:39:40]} Qf6 {[%clk 0:25:55]} 28. Re4 {[%clk 0:38:51]}
Qf5 {[%clk 0:24:06]} 29. Qe2 {[%clk 0:37:26]} Rf6 {[%clk 0:21:34]} 30. Re5 {[%clk
0:32:47]} Qg6 {[%clk 0:21:19]} 31. Re1 {[%clk 0:31:47]} Re8 {[%clk 0:20:13]} 32.
h3 {[%clk 0:30:37]} h6 {[%clk 0:19:07]} 33. Qe3 {[%clk 0:28:47]} Qf7 {[%clk
0:18:56]} 34. Re2 {[%clk 0:28:09]} Qc7 {[%clk 0:14:07]} 35. Rc5 {[%clk 0:26:30]}
Qb6 {[%clk 0:14:03]} 36. Rec2 {[%clk 0:25:32]} Ref8 {[%clk 0:07:11]} 37. a3
{[%clk 0:16:09]} Qb1+ {[%clk 0:03:48]} 38. Rc1 {[%clk 0:16:25]} Qb6 {[%clk
0:04:15]} 39. Rf1 {[%clk 0:13:18]} Rf5 {[%clk 0:04:12]} 40. Rc3 {[%clk 0:40:29]}
Qxe3 {[%clk 0:34:32]} 41. Rxe3 {[%clk 0:40:53]} Ra5 {[%clk 0:34:42]} 42. Rc1
{[%clk 0:39:58]} Rf7 {[%clk 0:33:50]} 43. Rc6 {[%clk 0:38:58]} Re7 {[%clk
0:33:39]} 44. Kf1 {[%clk 0:39:03]} Kg8 {[%clk 0:31:18]} 45. Ke2 {[%clk 0:39:01]}
Kf7 {[%clk 0:31:42]} 46. Rf3+ {[%clk 0:36:51]} Kg6 {[%clk 0:30:05]} 47. Kd2
{[%clk 0:35:19]} Rd7+ {[%clk 0:25:38]} 48. Ke2 {[%clk 0:34:00]} Re7 {[%clk
0:25:42]} 49. Re3 {[%clk 0:32:20]} Kf7 {[%clk 0:26:04]} 50. f4 {[%clk 0:32:03]}
g5 {[%clk 0:23:58]} 51. Rf3 {[%clk 0:31:32]} Kg7 {[%clk 0:24:00]} 52. fxg5 {[%clk
0:31:18]} Rxg5 {[%clk 0:24:08]} 53. Kf2 {[%clk 0:31:23]} Rg6 {[%clk 0:23:28]} 54.
Ra6 {[%clk 0:27:31]} Rb7 {[%clk 0:20:41]} 55. g4 {[%clk 0:27:42]} Rf6 {[%clk
0:18:18]} 56. Rxf6 {[%clk 0:27:24]} Kxf6 {[%clk 0:18:43]} 57. Kg3 {[%clk
0:22:34]} Re7 {[%clk 0:17:25]} 58. Kh4 {[%clk 0:18:45]} Kg6 {[%clk 0:15:40]} 59.
a4 {[%clk 0:17:07]} Kg7 {[%clk 0:15:03]} 60. Kh5 {[%clk 0:17:12]} Kh7 {[%clk
0:15:23]} 61. h4 {[%clk 0:12:58]} Kg7 {[%clk 0:15:46]} 62. Rc6 {[%clk 0:12:35]}
Kh7 {[%clk 0:13:22]} 63. a5 {[%clk 0:11:38]} Kg7 {[%clk 0:11:42]} 64. a6 {[%clk
0:11:10]} Kh7 {[%clk 0:05:58]} 65. Rc8 {[%clk 0:09:13]} e5 {[%clk 0:04:53]} 66.
Rb8 {[%clk 0:05:20]} Re6 {[%clk 0:03:26]} 67. Rb7+ {[%clk 0:05:06]} Kg8 {[%clk
0:03:50]} 68. Rxa7 {[%clk 0:05:03]} e4 {[%clk 0:04:16]} 69. Ra8+ {[%clk 0:03:42]}
Kg7 {[%clk 0:04:42]} 70. a7 {[%clk 0:02:06]} Ra6 {[%clk 0:05:08]} 71. Re8 {[%clk
0:02:14]} Rxa7 {[%clk 0:05:33]} 72. Rxe4 {[%clk 0:02:34]} Ra5+ {[%clk 0:06:00]}
73. g5 {[%clk 0:02:58]} hxg5 {[%clk 0:06:27]} 74. hxg5 {[%clk 0:03:22]} Ra6
{[%clk 0:06:55]} 1/2-1/2

[Event "Irena Warakomska Memorial A"]
[Site "chessmanager.com"]
[Date "2018.08.05"]
[Round "6"]
[White "Omelja, Artem"]
[Black "Kyc, Jerzy"]
[Result "1/2-1/2"]
[Board "15"]
[WhiteElo "2445"]
[WhiteCountry "UKR"]
[WhiteFideId "14119846"]
[WhiteEloChange "-2"]
[BlackElo "2269"]
[BlackCountry "POL"]
[BlackFideId "1163922"]
[BlackEloChange "5"]

1. Nf3 {[%clk 1:30:48]} Nf6 {[%clk 1:30:58]} 2. c4 {[%clk 1:30:49]} g6 {[%clk
1:30:17]} 3. Nc3 {[%clk 1:31:06]} c5 {[%clk 1:30:01]} 4. e4 {[%clk 1:30:32]} d6
{[%clk 1:30:25]} 5. d4 {[%clk 1:30:40]} cxd4 {[%clk 1:30:53]} 6. Nxd4 {[%clk
1:30:59]} Bg7 {[%clk 1:31:19]} 7. Be2 {[%clk 1:31:02]} O-O {[%clk 1:31:40]} 8.
O-O {[%clk 1:31:17]} Nc6 {[%clk 1:32:06]} 9. Nc2 {[%clk 1:30:51]} Nd7 {[%clk
1:29:24]} 10. Bd2 {[%clk 1:30:57]} a5 {[%clk 1:28:07]} 11. Qc1 {[%clk 1:24:49]}
Nc5 {[%clk 1:21:20]} 12. Bh6 {[%clk 1:25:07]} f5 {[%clk 1:21:18]} 13. Bxg7 {[%clk
1:24:37]} Kxg7 {[%clk 1:21:48]} 14. exf5 {[%clk 1:24:43]} Bxf5 {[%clk 1:22:02]}
15. Ne3 {[%clk 1:24:26]} Nd4 {[%clk 1:20:06]} 16. Qd2 {[%clk 1:22:04]} e5 {[%clk
1:12:41]} 17. Rad1 {[%clk 1:19:08]} Rc8 {[%clk 0:44:58]} 18. Ned5 {[%clk
1:14:37]} Bc2 {[%clk 0:39:04]} 19. Rc1 {[%clk 1:14:50]} Nxe2+ {[%clk 0:37:17]}
20. Nxe2 {[%clk 1:15:06]} Bd3 {[%clk 0:37:43]} 21. Qe3 {[%clk 1:12:37]} Qh4
{[%clk 0:34:39]} 22. b3 {[%clk 1:11:56]} Qe4 {[%clk 0:29:02]} 23. Rfe1 {[%clk
1:10:10]} Qxe3 {[%clk 0:28:30]} 24. Nxe3 {[%clk 1:10:25]} b5 {[%clk 0:21:25]} 25.
Rcd1 {[%clk 1:08:43]} bxc4 {[%clk 0:20:04]} 26. bxc4 {[%clk 1:08:53]} Rb8 {[%clk
0:14:09]} 27. f3 {[%clk 1:06:25]} Rb2 {[%clk 0:11:03]} 28. Nc1 {[%clk 1:04:48]}
e4 {[%clk 0:11:02]} 29. fxe4 {[%clk 1:02:31]} Bxe4 {[%clk 0:11:14]} 30. Re2
{[%clk 1:00:58]} Rxe2 {[%clk 0:07:32]} 31. Nxe2 {[%clk 1:01:19]} Bd3 {[%clk
0:07:05]} 32. Nc1 {[%clk 0:57:57]} Re8 {[%clk 0:07:10]} 33. Nxd3 {[%clk 0:56:12]}
1/2-1/2